| 000 | 00490nmm a2200181Ia 4500 | ||
|---|---|---|---|
| 008 | 251105s9999||||xx |||||||||||||||||und|| | ||
| 041 | _aspa | ||
| 100 | _aRizzo, Jorge | ||
| 245 | 0 | _aEuforia | |
| 264 |
_a[Madrid, España] : _bMalpaso Ediciones, _c2016 |
||
| 300 | _a266 páginas | ||
| 490 | _aNarrativa Extranjera | ||
| 650 | _aNorth American narrative | ||
| 700 | _aRizzo, Jorge | ||
| 700 | 1 | _a King, Lily | |
| 856 | _uhttps://public.digitaliapublishing.com/a/88193 | ||
| 942 | _cCF | ||
| 999 |
_c70589 _d70589 |
||